000 00509nam a2200205Ia 4500
003 OSt
005 20250922101953.0
008 250729s2005 xx 000 0 und d
020 _a978-8171692323
040 _cAL
041 _aeng
082 _a370 RAOC
100 _aRao V K
_9222738
245 _aContemporary conceptions of education
260 _aNew Delhi
_bCommonwealth Publishers
_c2005
300 _a279p
650 _aEducation
_9222739
700 _aReddy R S
_9222740
942 _2ddc
_cBED
999 _c235588
_d235588